Villes de Provence-Alpes-Côte-d'Azur par zoom sur Maps - Statistiques

Statistiques générales
  • Ce quiz a été pris 92 fois
  • Le résultat moyen est 15 sur 25
Statistiques - réponses
ZOOM Ville % Correct
1 ZOOM 13 Marseille
100%
4 ZOOM 06 Nice
94%
5 ZOOM 83 Toulon
89%
4 ZOOM 13 Aix-en-Provence
88%
3 ZOOM 06 Cannes
84%
2 ZOOM 84 Avignon
81%
7 ZOOM 05 Gap
74%
7 ZOOM 04 Digne-les-Bains
67%
6 ZOOM 83 Fréjus
65%
7 ZOOM 84 Orange
64%
9 ZOOM 83 Hyères
63%
8 ZOOM 06 Menton
62%
7 ZOOM 83 Saint-Tropez
58%
9 ZOOM 06 Antibes
57%
7 ZOOM 13 Arles
57%
7 ZOOM 13 Aubagne
54%
7 ZOOM 84 Carpentras
53%
7 ZOOM 05 Briançon
48%
9 ZOOM 13 Salon-de-Provence
41%
9 ZOOM 04 Manosque
40%
7 ZOOM 84 Cavaillon
38%
9 ZOOM 06 Cagnes-sur-Mer
35%
7 ZOOM 04 Sisteron
35%
9 ZOOM 84 L'{Isle-sur-la-Sorgue}
21%
8 ZOOM 83 Six-Fours-les-Plages
6%
Aucun quiz correspondant
Distribution des résultats
% des personnes avec chaque résultat
Percentile par nombre de réponses
Votre historique - résultats
Vous n’avez pas pris ce quiz